000 00487nam a2200181Ia 4500
003 LK-CoDNM
008 010623t1979 xxu||||| |||| 00| 1 sin d
040 _aLK-CoDNM
_dLK-CoDNM
_eLK-CoDNM
041 _asin
080 _a(x)78 GUN
100 _aGunawardena, Chithra E.
245 _aඅද ලියැවෙන ගී පිපි පියුමි
246 _aAda liyevena grr pipi pium
260 _bAuthor
_c1979
300 _b24, 18.5 cm
650 _aMusic
942 _cBK
999 _c110923
_d110923